000 00683cam a22002531 4500
001 sa 65010465
003 DLC
005 20260227112209.0
008 900222s1963 ii b 000 0 sano
010 _asa 65010465
035 _a(OCoLC)21112045
040 _aDLC
_cWaU
_dDLC
041 0 _asanhin
042 _apremarc
050 0 0 _aPK663
_b.K318
100 1 _aKāle, M. R.
_q(Moreshvar Ramchandra)
245 1 0 _aHāyara Saṃskr̥ta grāmara.
260 _c[1963]
300 _a3, 12, 528, 19, 139 p.
_c19 cm.
500 _aHindi and Sanskrit.
504 _aBibliographical footnotes.
650 0 _aSanskrit language
_xGrammar.
700 1 _aDvivedī, Kapiladeva,
_d1919-
999 _c66768
_d66768